Квиз о Немачкој - Statistics

General Stats
  • This quiz has been taken 535 times
  • The average score is 11 of 20
Answer Stats
Опис Одговор % Correct
Главни град Берлин
100%
Колоквијалан назив за Немца (почиње на Ш) Шваба
80%
Најдуже реке у Немачкој Дунав
77%
Браћа која су скупљала бајке Браћа Грим
77%
Најдуже реке у Немачкој Рајна
73%
Животиња на грбу Орао
68%
Назив прве фудбалске лиге Бундеслига
65%
Финансијски центар Немачке Франкфурт
64%
Минхен је главни град ове немачке државе Баварска
64%
Еквивалент премијера у Немачкој Канцелар
59%
Минхенски фестивал пива Октоберфест
55%
Главни град Западне Немачке, 1949 - 1990 Бон
46%
Немачки систем аутопутева Аутобан
45%
Немачка реч за кобасицу Вурст
41%
Немачка држава којом је владао Фридрих Велики Пруска
39%
Највећа негерманска етничка група Турци
39%
Назив немачког парламента Бундестаг
35%
Национални авио превозник Луфтханза
31%
Најдуже реке у Немачкој Лаба
18%
Бивша валута Немачка марка
9%
No matching quizzes found
Score Distribution
Percent of People with Each Score
Percentile by Number Answered
Your Score History
You have not taken this quiz